О рабочем движении и социал-демократической работе во Владимирской губернии в 900-х годах. Вып.2 (Запись № 13481474)
[ простой вид ]
| 000 -МАРКЕР | |
|---|---|
| контрольное поле | 01853nam2a22002771 4500 |
| 001 - ИДЕНТИФИКАТОР ЗАПИСИ | |
| контрольное поле | RU\NLR\A1SV\58689 |
| 005 - ИДЕНТИФИКАТОР ВЕРСИИ | |
| контрольное поле | 20251203152403.2 |
| 035 ## - ДРУГИЕ СИСТЕМНЫЕ НОМЕРА | |
| Идентификатор записи | (NLR Aleph) 009740645 |
| 100 ## - ДАННЫЕ ОБЩЕЙ ОБРАБОТКИ | |
| Данные общей обработки | 20080618d1925 u y0rusy50 ca |
| 101 0# - ЯЗЫК РЕСУРСА | |
| Язык текста, звукозаписи и т.д. | русский |
| 200 0# - ЗАГЛАВИЕ И СВЕДЕНИЯ ОБ ОТВЕТСТВЕННОСТИ | |
| Основное заглавие | Вып.2 |
| Сведения, относящиеся к заглавию | По архив. материалам и лич. воспоминаниям |
| 210 ## - ПУБЛИКАЦИЯ, РАСПРОСТРАНЕНИЕ И ДР. | |
| Дата издания, распространения и т.д. | 1925 |
| 215 ## - ФИЗИЧЕСКАЯ ХАРАКТЕРИСТИКА | |
| Специфическое обозначение материала и объем | 301, [2] с., 1 л. портр., 2 л. ил. |
| 327 1# - ПРИМЕЧАНИЯ О СОДЕРЖАНИИ | |
| Текст примечания | Стачечное движение во Владимирской губернии в 1900-1907 г. / Пронин |
| -- | Вооруженное восстание в г. Александрове в декабре 1905 г. (Александровская республика) / Н.Шаханов |
| -- | Революционное движение в Коврове и работа РСДРП(б) / Н.Ляхин |
| -- | Из подполья Владимирской социал-демократической организации / Самохвалов |
| 461 #1 - УРОВЕНЬ НАБОРА | |
| Встроенное поле | 001RU\NLR\A1SV\58687 |
| -- | 2000#$aО рабочем движении и социал-демократической работе во Владимирской губернии в 900-х годах$e[К двадцатилетию первой рус. революции]$vВып.2 |
| Системный номер (АБИС) связанной записи | 9942503 |
| Место публикации | Владимир |
| Дата публикации | 1925-1927 |
| Имя издателя, распространителя и т.д. | Владимир. истпарт |
| Сведения, относящиеся к заглавию | [К двадцатилетию первой рус. революции] |
| Заглавие | О рабочем движении и социал-демократической работе во Владимирской губернии в 900-х годах |
| Номер тома | Вып.2 |
| 702 #1 - ИМЯ ЛИЦА - ВТОРИЧНАЯ ОТВЕТСТВЕННОСТЬ | |
| Начальный элемент ввода | Пронин |
| 702 #1 - ИМЯ ЛИЦА - ВТОРИЧНАЯ ОТВЕТСТВЕННОСТЬ | |
| Начальный элемент ввода | Шаханов |
| Часть имени, кроме начального элемента ввода | Н. |
| 702 #1 - ИМЯ ЛИЦА - ВТОРИЧНАЯ ОТВЕТСТВЕННОСТЬ | |
| Начальный элемент ввода | Ляхин |
| Часть имени, кроме начального элемента ввода | Н. |
| 702 #1 - ИМЯ ЛИЦА - ВТОРИЧНАЯ ОТВЕТСТВЕННОСТЬ | |
| Начальный элемент ввода | Самохвалов |
| 801 #0 - ИСТОЧНИК ЗАПИСИ | |
| Страна | Российская Федерация |
| Организация | NLR |
| Дата составления | 20080618 |
| 852 ## - МЕСТОНАХОЖДЕНИЕ И ШИФР ХРАНЕНИЯ | |
| Идентификатор организации | NLR |
| 942 ## - ДОПОЛНИТЕЛЬНЫЕ ЭЛЕМЕНТЫ ЗАПИСИ (АБИС) | |
| Тип экземпляра АБИС | Книга |
| 980 ## - КОЛЛЕКЦИЯ | |
| Название коллекции | Международный сводный каталог русской книги (1918-1926) |
| 980 ## - КОЛЛЕКЦИЯ | |
| Название коллекции | Национальная библиография |
Нет доступных экземпляров.